000 004700000a22001090004500
090 _aAS
_bSeriadas
245 1 0 _aContribución al conocimiento de la morfología, ecología, comportamiento y distribución geográfica de podocnemis vogli, Testudinata (<Pelomedusidae>)
041 0 _aEspañol
100 1 _aAlarcón Pardo, Humberto
_999070
942 _cARTICULO
773 1 _tRevista de la Academia Colombiana de Ciencias Exactas, Fisicas y Naturales
_332
_h51
_q303-325
_d1969
_g13
999 _c14001
_d14001